000 00310 a2200157 4500
001 70637
020 _a8526234080
040 _cAnchieta - Itaigara
100 _aSuhr, Mandy
240 1 0 _aOlfato
_lpor
245 1 0 _aOlfato
300 _a31
362 0 _a1998
650 4 _aLiteratura infantil
942 _cBK
999 _c70637
_d70637